HOW TO DRAW A SECRET / (Record no. 203906)

MARC details
000 -LEADER
fixed length control field 01983nam a2200361 i 4500
003 - CONTROL NUMBER IDENTIFIER
control field OSt
005 - DATE AND TIME OF LATEST TRANSACTION
control field 20260419120601.0
008 - FIXED-LENGTH DATA ELEMENTS--GENERAL INFORMATION
fixed length control field 24052t20252025nyua cr6b |00 0 engg|d
020 ## - INTERNATIONAL STANDARD BOOK NUMBER
International Standard Book Number 9780358659655
Terms of availability RM 87.90
Qualifying information paperback
040 ## - CATALOGING SOURCE
Original cataloging agency PPAK
Language of cataloging eng
Transcribing agency PPAK
Description conventions rda
082 04 - DEWEY DECIMAL CLASSIFICATION NUMBER
Edition number 23
Classification number 741.5973
090 00 - LOCALLY ASSIGNED LC-TYPE CALL NUMBER (OCLC); LOCAL CALL NUMBER (RLIN)
Classification number (OCLC) (R) ; Classification number, CALL (RLIN) (NR) 741.5973
Feature heading CHA
Feature heading K
100 1# - MAIN ENTRY--PERSONAL NAME
Personal name Chang, Cindy,
Relator term author,
-- illustrator.
245 10 - TITLE STATEMENT
Title HOW TO DRAW A SECRET /
Statement of responsibility, etc. CINDY CHANG ; COLORS BY CHRISTINA ROSE CHUA
250 ## - EDITION STATEMENT
Edition statement First edition.
264 #1 - PRODUCTION, PUBLICATION, DISTRIBUTION, MANUFACTURE, AND COPYRIGHT NOTICE
Place of production, publication, distribution, manufacture [New York] :
Name of producer, publisher, distributor, manufacturer Allida/Harper Alley, imprints of HarperCollins Publishers,
Date of production, publication, distribution, manufacture, or copyright notice [2025]
Date of production, publication, distribution, manufacture, or copyright notice ©2025
300 ## - PHYSICAL DESCRIPTION
Extent 269 pages :
Other physical details chiefly colour illustrations ;
Dimensions 20 cm
336 ## - CONTENT TYPE
Content type term text
Source rdacontent
337 ## - MEDIA TYPE
Media type term unmediated
Source rdamedia
338 ## - CARRIER TYPE
Carrier type term volume
Source rdacarrier
520 ## - SUMMARY, ETC.
Summary, etc. "Twelve-year-old Cindy relishes drawing flawless images, but she is stumped by an art contest prompt: "What family means to me." No one at school can know that Cindy's dad moved back to Taiwan four years ago, so Cindy sketches out the perfect plan to draw the perfect picture while keeping her parents' separation secret. Then an unexpected trip to Taipei reveals devastating new secrets. Suddenly everything from Cindy's art to her family is falling apart. With her dream of perfection in tatters, Cindy must figure out how to draw from her heart and share her secrets. But can she really reveal the truth, messy lines and all?"--
Assigning source Page 4 of cover
521 1# - TARGET AUDIENCE NOTE
Target audience note Ages 8-12
600 10 - SUBJECT ADDED ENTRY--PERSONAL NAME
Personal name Chang, Cindy,
Titles and other words associated with a name (Author and illustrator)
Form subdivision Comic books, strips, etc.
650 10 - SUBJECT ADDED ENTRY--TOPICAL TERM
Topical term or geographic name entry element Preteen girls
Form subdivision Comic books, strips, etc.
Topical term or geographic name entry element Families
Form subdivision Comic books, strips, etc.
Topical term or geographic name entry element Art
Form subdivision Comic books, strips, etc.
Topical term or geographic name entry element Taiwanese Americans
Form subdivision Comic books, strips, etc.
Topical term or geographic name entry element Fathers and daughters
Form subdivision Comic books, strips, etc.
655 #7 - INDEX TERM--GENRE/FORM
Genre/form data or focus term Autobiographical comics
700 1# - ADDED ENTRY--PERSONAL NAME
Personal name Chua, Christina Rose,
Dates associated with a name 1987-
Relator term illustrator.
942 ## - ADDED ENTRY ELEMENTS (KOHA)
Source of classification or shelving scheme Dewey Decimal Classification
Koha item type Book
Holdings
Withdrawn Not for loan Current library Shelving location Date acquired Total Checkouts Full call number Barcode Date last seen Koha item type
    Perpustakaan Alor Setar Pinjaman Kanak-kanak 27/04/2026   K 741.5973 CHA A01915180 27/04/2026 Book
    Perpustakaan Awam Sungai Petani Pinjaman Kanak-kanak 27/04/2026   K 741.5973 CHA A01915181 27/04/2026 Book